[Event "San Francisco TNM Summer op"]
[Site "San Francisco"]
[Date "2015.07.14"]
[Round "8"]
[White "Basak, Aniruddha"]
[Black "Traub, Igor Vladimirovich"]
[Result "1-0"]
[WhiteElo "2031"]
[BlackElo "2097"]
[PlyCount "97"]
[EventDate "2015.05.26"]
[EventType "swiss"]
[EventRounds "8"]
[EventCountry "USA"]
[SourceTitle "EXT 2016"]
[Source "ChessBase"]
[SourceDate "2015.10.08"]
[SourceVersion "1"]
[SourceVersionDate "2015.10.08"]
[SourceQuality "1"]

1. e4 e6 2. d4 d5 3. Nc3 Bb4 4. e5 c5 5. Bd2 Nh6 6. Bxh6 gxh6 7. a3 Bxc3+ 8. bxc3 Qa5 9. Qd2 Nc6 10. Nf3 Bd7 11. dxc5 Qxc5 12. Bd3 d4 13. cxd4 Nxd4 14. Nxd4 Qxd4 15. 0-0 Bc6 16. Rae1 Rg8 17. g3 Rg5 18. Qb4 Rd8 19. Qxd4 Rxd4 20. f4 Rg4 21. Kf2 Ra4 22. Ra1 Rg7 23. Rfb1 f5 24. exf6 Rd7 25. Re1 Kf7 26. Bxh7 Kxf6 27. Bd3 Rd5 28. Re3 Rda5 29. Rae1 Bd5 30. c4 Bxc4 31. Bxc4 Rxc4 32. Rxe6+ Kf5 33. R1e3 Rc6 34. Re7 Rb5 35. Kf3 Kf6 36. Rh7 Kg6 37. Ree7 Rc3+ 38. Kg4 h5+ 39. Kh4 Rxa3 40. Reg7+ Kf6 41. Rxb7 Rxb7 42. Rxb7 Ra5 43. h3 Kg6 44. Rc7 Kh6 45. g4 hxg4 46. hxg4 Ra1 47. Rc6+ Kg7 48. Kg5 Rb1 49. Rc7+ 1-0

[Event "San Francisco TNM Summer op"]
[Site "San Francisco"]
[Date "2015.06.16"]
[Round "4"]
[White "Senthilkumar, Pranav"]
[Black "Basak, Aniruddha"]
[Result "1/2-1/2"]
[WhiteElo "1948"]
[BlackElo "2031"]
[PlyCount "59"]
[EventDate "2015.05.26"]
[EventType "swiss"]
[EventRounds "8"]
[EventCountry "USA"]
[SourceTitle "EXT 2016"]
[Source "ChessBase"]
[SourceDate "2015.10.08"]
[SourceVersion "1"]
[SourceVersionDate "2015.10.08"]
[SourceQuality "1"]

1. d4 Nf6 2. Nf3 g6 3. Bg5 Bg7 4. c3 c5 5. e3 0-0 6. Nbd2 d6 7. Bxf6 Bxf6 8. Ne4 Bg7 9. dxc5 d5 10. Ned2 a5 11. Nd4 Nd7 12. c6 Nc5 13. cxb7 Bxb7 14. Be2 e5 15. N4b3 Ne6 16. Nf3 a4 17. Nbd2 f5 18. 0-0 f4 19. Re1 e4 20. Nd4 Nxd4 21. cxd4 Qg5 22. Bf1 Ba6 23. Bxa6 Rxa6 24. Qe2 f3 25. Qf1 Rb6 26. b3 Bxd4 27. Nxf3 exf3 28. exd4 Rbf6 29. g3 axb3 30. axb3 1/2-1/2

[Event "San Francisco TNM Summer op"]
[Site "San Francisco"]
[Date "2015.05.26"]
[Round "1"]
[White "Chan, John"]
[Black "Basak, Aniruddha"]
[Result "0-1"]
[WhiteElo "1552"]
[BlackElo "2031"]
[PlyCount "108"]
[EventDate "2015.05.26"]
[EventType "swiss"]
[EventRounds "8"]
[EventCountry "USA"]
[SourceTitle "EXT 2016"]
[Source "ChessBase"]
[SourceDate "2015.10.08"]
[SourceVersion "1"]
[SourceVersionDate "2015.10.08"]
[SourceQuality "1"]

1. d4 Nf6 2. c4 g6 3. Nc3 Bg7 4. h3 0-0 5. Nf3 d6 6. e4 e5 7. d5 a5 8. a4 Na6 9. Be3 b6 10. Qd2 Nc5 11. Bxc5 bxc5 12. Bd3 Nh5 13. Ne2 f5 14. Rb1 fxe4 15. Bxe4 Nf4 16. Nxf4 Rxf4 17. Qe2 Rxe4 18. Qxe4 Bf5 19. Qe3 Bxb1 20. 0-0 Bf5 21. g4 Bd7 22. b3 Rb8 23. Kg2 c6 24. Nd2 cxd5 25. cxd5 Bf6 26. Ne4 Qe7 27. g5 Bg7 28. h4 Rb4 29. Qf3 Bf5 30. Re1 Rd4 31. Kf1 Kh8 32. Qg2 Qd7 33. Qf3 c4 34. bxc4 Rxc4 35. Ng3 Rxa4 36. Rc1 e4 37. Qe2 Bg4 38. Qc2 e3 39. Rb1 Bh3+ 40. Ke2 Qg4+ 41. f3 Qc4+ 42. Qxc4 Rxc4 43. Kxe3 Be5 44. Ne4 Rb4 45. Rc1 Rb3+ 46. Ke2 Rb7 47. Rc6 Bd7 48. Rc1 a4 49. Nf6 Bxf6 50. gxf6 Kg8 51. Ke3 Kf7 52. Kf4 Kxf6 53. Rc4 a3 54. Rc3 Ra7 0-1